[Event "2.BLN 1617 SK Norderstedt - SV Werder B"]
[Site "?"]
[Date "2017.05.07"]
[Round "9.5"]
[White "Charmeteau, Sven"]
[Black "Powierski, Emil"]
[Result "1/2-1/2"]
[WhiteElo "2307"]
[BlackElo "2339"]
[PlyCount "101"]
[EventDate "2017.??.??"]

1. e4 c6 2. d4 d5 3. Nd2 dxe4 4. Nxe4 Bf5 5. Ng3 Bg6 6. h4 h6 7. Nf3 Nd7 8. h5
Bh7 9. Bd3 Bxd3 10. Qxd3 e6 11. Bd2 Qc7 12. O-O-O Ngf6 13. Ne4 O-O-O 14. g3
Nxe4 15. Qxe4 Bd6 16. c4 c5 17. Bc3 cxd4 18. Nxd4 a6 19. Rd2 Be5 20. Rhd1 Bf6
21. Kb1 Kb8 22. b3 Ka8 23. Bb2 Nb8 24. f4 Rhe8 25. Nf3 Bxb2 26. Kxb2 Nc6 27.
Ne5 Nxe5 28. Qxe5 Qxe5+ 29. fxe5 Rxd2+ 30. Rxd2 Rg8 31. Rd7 g6 32. Rxf7 gxh5
33. Rf6 Rxg3 34. Rxh6 Rg5 35. Rxe6 h4 36. Rh6 Rxe5 37. Rxh4 Re2+ 38. Ka3 Ka7
39. b4 Re3+ 40. Ka4 Re5 41. c5 Re2 42. a3 Re3 43. Rh7 Kb8 44. Ka5 Ka7 45. b5
axb5 46. c6 Rxa3+ 47. Kb4 Ra4+ 48. Kxb5 Ra1 49. Rxb7+ Ka8 50. Kb6 Ra6+ 51. Kxa6
1/2-1/2

[Event "2.BLN 1617 SK Norderstedt - SV Werder B"]
[Site "?"]
[Date "2017.05.07"]
[Round "9.6"]
[White "Polischuk, Viktor"]
[Black "Mueller, Oliver"]
[Result "1-0"]
[WhiteElo "2292"]
[BlackElo "2282"]
[PlyCount "69"]
[EventDate "2017.??.??"]

1. e4 c5 2. Nf3 d6 3. d4 cxd4 4. Nxd4 Nf6 5. Nc3 Nc6 6. Bc4 e6 7. Be3 a6 8. Qe2
Qc7 9. O-O-O Na5 10. Bb3 Nxb3+ 11. axb3 b5 12. f3 Be7 13. g4 Bb7 14. g5 Nd7 15.
h4 b4 16. Na4 g6 17. h5 Rf8 18. hxg6 hxg6 19. Qd2 e5 20. Ne2 a5 21. Kb1 Nc5 22.
Nxc5 dxc5 23. Nc1 Ba6 24. Qh2 Rd8 25. Rhe1 Rxd1 26. Rxd1 Bd6 27. Nd3 Ke7 28.
Qh7 c4 29. bxc4 Qxc4 30. Qg7 Rc8 31. Bc5 Bxc5 32. Nxe5 Qe6 33. Rd7+ Qxd7 34.
Qxf7+ Kd6 35. Qd5+ 1-0

[Event "2.BLN 1617 SK Norderstedt - SV Werder B"]
[Site "?"]
[Date "2017.05.07"]
[Round "9.7"]
[White "Buchal, Stephan"]
[Black "Michna, Christian"]
[Result "1/2-1/2"]
[WhiteElo "2302"]
[BlackElo "2264"]
[PlyCount "85"]
[EventDate "2017.??.??"]

1. c4 g6 2. g3 Bg7 3. Bg2 d6 4. Nc3 e5 5. e4 Nc6 6. Nge2 Nge7 7. d3 O-O 8. h4
Nd4 9. Nxd4 exd4 10. Ne2 c6 11. h5 d5 12. hxg6 hxg6 13. Bh6 Bxh6 14. Rxh6 dxc4
15. dxc4 Qa5+ 16. Qd2 Qxd2+ 17. Kxd2 Bg4 18. Nxd4 Rad8 19. Ke3 Bh5 20. Rh1 Kg7
21. R6xh5 gxh5 22. Rxh5 Rh8 23. Rg5+ Kf8 24. Ra5 Rh2 25. Bf3 a6 26. b4 Nc8 27.
Nb3 Nd6 28. Nd2 f6 29. Ra3 Nf7 30. Be2 Ne5 31. Rc3 Rh1 32. f4 Ng6 33. Nf3 Rb1
34. Nd4 Ke7 35. a3 a5 36. bxa5 Ra8 37. Bh5 Nf8 38. Rd3 Nd7 39. Nf5+ Kd8 40. Ng7
Ke7 41. Nf5+ Kd8 42. Ng7 Ke7 43. Nf5+ 1/2-1/2

[Event "2.BLN 1617 SK Norderstedt - SV Werder B"]
[Site "?"]
[Date "2017.05.07"]
[Round "9.8"]
[White "Kahlert, Thomas"]
[Black "Brinkmann, Fabian"]
[Result "1/2-1/2"]
[WhiteElo "2204"]
[BlackElo "2084"]
[PlyCount "29"]
[EventDate "2017.??.??"]

1. Nf3 Nf6 2. d4 d5 3. c4 c6 4. e3 Bf5 5. Nc3 e6 6. Bd3 Bxd3 7. Qxd3 Nbd7 8.
O-O Be7 9. b3 O-O 10. Bb2 Re8 11. e4 dxe4 12. Nxe4 Nxe4 13. Qxe4 Bf6 14. Rad1
Qc7 15. Rfe1 1/2-1/2

[Event "2.BLN 1617 Rotation Pankow - HSK Lister"]
[Site "?"]
[Date "2017.05.07"]
[Round "9.1"]
[White "Schneider, Ilja"]
[Black "Rietze, Clemens"]
[Result "1/2-1/2"]
[WhiteElo "2522"]
[BlackElo "2312"]
[PlyCount "139"]
[EventDate "2017.??.??"]

1. e4 c5 2. c3 Nf6 3. e5 Nd5 4. Nf3 e6 5. g3 d6 6. exd6 Bxd6 7. Bg2 O-O 8. O-O
Nd7 9. Na3 a6 10. d4 Rb8 11. Nc4 Bc7 12. Ne3 N5f6 13. b3 b6 14. Bb2 Bb7 15. c4
Bd6 16. Re1 Qc7 17. d5 exd5 18. cxd5 Rfe8 19. Qc2 Rbd8 20. Rad1 Qb8 21. Nc4 Bf8
22. Bxf6 Nxf6 23. Rxe8 Rxe8 24. Nxb6 Qc7 25. Nc4 Bxd5 26. Ne3 Be4 27. Qc3 Qb7
28. Ne1 Qb4 29. Qc4 a5 30. Bxe4 Nxe4 31. Nd3 Qxc4 32. Nxc4 Nc3 33. Rd2 a4 34.
bxa4 Nxa4 35. Nde5 Ra8 36. Rd3 Rb8 37. Ra3 Rb4 38. Ne3 c4 39. Kg2 c3 40. Rb3
Re4 41. Nd7 Bd6 42. Kf3 f5 43. Nb6 Be5 44. Nxa4 Rxa4 45. Rb5 Bf6 46. Rxf5 Kf7
47. Rf4 Rxa2 48. Nd5 c2 49. Rc4 Bd4 50. Ne3 Bxe3 51. Kxe3 g5 52. f3 c1=Q+ 53.
Rxc1 Rxh2 54. Ke4 Ra2 55. Kf5 Ra5+ 56. Kg4 Ra3 57. Rc7+ Kg6 58. Rc6+ Kg7 59.
Rc5 h6 60. Rc7+ Kg6 61. Rc6+ Kg7 62. f4 gxf4 63. gxf4 Ra5 64. f5 Ra4+ 65. Kf3
h5 66. Rg6+ Kf7 67. Kg3 Rg4+ 68. Rxg4 hxg4 69. Kxg4 Kf6 70. Kf4 1/2-1/2

[Event "2.BLN 1617 Rotation Pankow - HSK Lister"]
[Site "?"]
[Date "2017.05.07"]
[Round "9.3"]
[White "Voege, Tobias"]
[Black "Bruchmann, Stephan"]
[Result "1/2-1/2"]
[WhiteElo "2225"]
[BlackElo "2218"]
[PlyCount "127"]
[EventDate "2017.??.??"]

1. c4 c6 2. d4 d5 3. cxd5 cxd5 4. Nc3 Nc6 5. e4 e6 6. e5 Bb4 7. Bd3 Nge7 8. Qg4
Ng6 9. Nf3 Bd7 10. O-O Nce7 11. Bg5 Bxc3 12. bxc3 Qa5 13. Bxe7 Kxe7 14. Qg5+
Kf8 15. Rfc1 Bc6 16. Nd2 Qd8 17. Qe3 Ne7 18. Rab1 h6 19. Qf4 Kg8 20. Nf1 Ng6
21. Qg3 Ne7 22. Ne3 h5 23. f4 g6 24. f5 exf5 25. Nxf5 Nxf5 26. Bxf5 h4 27. Qg4
Rh5 28. Bd3 Qg5 29. Qxg5 Rxg5 30. Rf1 Rc8 31. Rf4 h3 32. g3 b6 33. Kf2 Bd7 34.
Rc1 Rh5 35. g4 Rh6 36. Kg3 Kg7 37. Bf1 g5 38. Rf2 Rh4 39. Be2 Rh6 40. Bd3 Be6
41. Rf3 Rh4 42. Bf5 Rc7 43. Rf2 Rh8 44. Rf3 Rh4 45. Re1 Rh6 46. Ree3 Rc4 47.
Re2 Rh8 48. Rb2 Rhc8 49. Rb3 Ra4 50. a3 Rh8 51. Kf2 Rh4 52. Bxe6 fxe6 53. Rg3
Rh8 54. Ke2 Rh4 55. Kd3 Rh8 56. Ke2 Rh4 57. Rg1 Rc4 58. Rg3 Ra4 59. Kd2 Rh8 60.
Kd3 Rh4 61. Ke2 Rh8 62. Ke3 Rh4 63. Rg1 Rc4 64. Rg3 {(=)} 1/2-1/2

[Event "2.BLN 1617 Rotation Pankow - HSK Lister"]
[Site "?"]
[Date "2017.05.07"]
[Round "9.4"]
[White "Neumeier, Lars"]
[Black "Hoerstmann, Martin"]
[Result "1-0"]
[WhiteElo "2345"]
[BlackElo "2250"]
[PlyCount "89"]
[EventDate "2017.??.??"]

1. d4 Nf6 2. Nf3 g6 3. c4 Bg7 4. Nc3 d5 5. cxd5 Nxd5 6. e4 Nxc3 7. bxc3 c5 8.
Be3 Qa5 9. Bd2 O-O 10. c4 Qc7 11. d5 Bxa1 12. Qxa1 e5 13. Bd3 f6 14. O-O b6 15.
Bh6 Rf7 16. Nd2 Nd7 17. Qc3 Ba6 18. g3 Rd8 19. f4 Bc8 20. f5 Kh8 21. g4 Rg8 22.
h3 Re7 23. Kh1 Qd6 24. Be2 Bb7 25. Qe3 Rb8 26. a4 g5 27. h4 gxh4 28. Qh3 a6 29.
Qxh4 Rf7 30. Nf3 b5 31. g5 bxa4 32. Rg1 a3 33. Qh5 Re7 34. Nh4 a2 35. gxf6 Nxf6
36. Qg5 Rg8 37. Ng6+ Rxg6 38. fxg6 Nxe4 39. Qh4 Nf6 40. Bg5 Kg8 41. Bxf6 hxg6
42. Bxe7 Qb6 43. Qh6 Qb1 44. Qf8+ Kh7 45. Qf7+ 1-0

[Event "2.BLN 1617 Rotation Pankow - HSK Lister"]
[Site "?"]
[Date "2017.05.07"]
[Round "9.5"]
[White "Hampel, Felix"]
[Black "Steinhagen, Bernd"]
[Result "0-1"]
[WhiteElo "2208"]
[BlackElo "2227"]
[PlyCount "114"]
[EventDate "2017.??.??"]

1. d4 d5 2. c4 e6 3. Nc3 Be7 4. cxd5 exd5 5. Bf4 c6 6. Qc2 Nf6 7. e3 Nh5 8. Bg3
Nd7 9. Bd3 Nxg3 10. hxg3 Nf6 11. Nf3 Qa5 12. Ne5 h6 13. O-O Ng4 14. Nxg4 Bxg4
15. Bf5 Bxf5 16. Qxf5 Qd8 17. Rab1 a5 18. Qc2 O-O 19. a3 Bd6 20. b4 Qe7 21. Qb3
axb4 22. axb4 h5 23. Ne2 b5 24. Qc3 Rfc8 25. Nf4 g6 26. Rfc1 Rc7 27. Rc2 Kg7
28. Qd3 Ra4 29. Rbc1 Qd7 30. e4 Bxf4 31. gxf4 Rxb4 32. f5 dxe4 33. Qxe4 Rxd4
34. Qf3 Qxf5 35. Qxf5 gxf5 36. Rxc6 Rxc6 37. Rxc6 b4 38. Rb6 f6 39. Rb7+ Kg6
40. g3 f4 41. Kg2 fxg3 42. fxg3 h4 43. gxh4 Rxh4 44. Kg3 Rc4 45. Rb5 f5 46. Rb8
Kg5 47. Rg8+ Kf6 48. Re8 Re4 49. Rb8 Ke6 50. Rd8 Ke5 51. Kf3 Rd4 52. Rb8 Kd5
53. Rb5+ Kc4 54. Rxf5 b3 55. Rf8 b2 56. Rb8 Kc3 57. Ke3 Rb4 0-1

[Event "2.BLN 1617 Rotation Pankow - HSK Lister"]
[Site "?"]
[Date "2017.05.07"]
[Round "9.6"]
[White "Mueller, Michael"]
[Black "Hoerstmann, Rudi"]
[Result "1-0"]
[WhiteElo "2251"]
[BlackElo "2269"]
[PlyCount "141"]
[EventDate "2017.??.??"]

1. d4 g6 2. c4 Bg7 3. Nc3 c5 4. d5 Bxc3+ 5. bxc3 f5 6. f3 Nf6 7. Bh6 d6 8. Qa4+
Bd7 9. Qb3 Qa5 10. Nh3 Na6 11. Rb1 Rb8 12. e3 Kd8 13. Bd3 Kc8 14. O-O Nc7 15.
Nf2 Ba4 16. Qa3 Nd7 17. Bc2 b5 18. cxb5 Nxd5 19. Qxa4 Qxa4 20. Bxa4 Nxc3 21.
Bg7 Nxb1 22. Bxh8 Na3 23. Ba1 Nxb5 24. Rb1 a6 25. f4 Kc7 26. e4 Nb6 27. Bxb5
axb5 28. Rxb5 Ra8 29. Rb2 Ra4 30. Re2 Kd7 31. g3 Ra3 32. Rc2 fxe4 33. Nxe4 Nd5
34. Nd2 Nb4 35. Rb2 Rc3 36. Rb1 Rc2 37. a3 Rxd2 38. axb4 cxb4 39. Bg7 Ke6 40.
Rxb4 Kf5 41. Rb2 Rd1+ 42. Kg2 g5 43. fxg5 Kxg5 44. h4+ Kf5 45. Rf2+ Kg6 46. Bc3
Rd3 47. Bd2 e5 48. Bg5 h5 49. Rf6+ Kg7 50. Rh6 d5 51. Rxh5 d4 52. Rh6 e4 53.
Rd6 e3 54. Bxe3 Rxe3 55. Rxd4 Kh6 56. Rd5 Ra3 57. g4 Kg6 58. Rd6+ Kg7 59. h5
Kh7 60. Rf6 Kg7 61. Rf3 Ra1 62. Kg3 Rb1 63. Kh4 Rb5 64. Rf5 Rb1 65. Kg5 Rb6 66.
h6+ Kh7 67. Rf7+ Kg8 68. Rf6 Rb7 69. Kh5 Kh7 70. g5 Kh8 71. Rf8+ 1-0

[Event "2.BLN 1617 Rotation Pankow - HSK Lister"]
[Site "?"]
[Date "2017.05.07"]
[Round "9.7"]
[White "Gentemann, Moritz"]
[Black "Guth, Thomas"]
[Result "1-0"]
[WhiteElo "2182"]
[BlackElo "2334"]
[PlyCount "105"]
[EventDate "2017.??.??"]

1. e4 e6 2. d4 d5 3. Nd2 Nf6 4. e5 Nfd7 5. Bd3 c5 6. c3 Nc6 7. Ne2 cxd4 8. cxd4
f6 9. exf6 Nxf6 10. O-O Bd6 11. Nf3 Qc7 12. Bd2 O-O 13. Rc1 Bd7 14. Ng3 Qb6 15.
Bc3 Bf4 16. Rc2 Nb4 17. Bxb4 Qxb4 18. Qe2 Rac8 19. Rxc8 Bxc8 20. Rd1 Qa5 21. a3
Qc7 22. Ne5 g6 23. Nf1 Bh6 24. Nd2 Bg7 25. Ndf3 Nd7 26. Qe3 Nxe5 27. Nxe5 Bd7
28. Rc1 Qd6 29. h4 a6 30. h5 gxh5 31. Qg5 Bb5 32. Bxb5 axb5 33. Qxh5 b4 34. Qg4
bxa3 35. bxa3 Qe7 36. Rc3 Kh8 37. Nf3 Bf6 38. Re3 Re8 39. g3 Qf7 40. Kg2 Qg6
41. Qf4 Qg7 42. Rc3 h6 43. Rc7 Re7 44. Rxe7 Bxe7 45. Qb8+ Kh7 46. Qxb7 Bxa3 47.
Qa6 Qe7 48. Qd3+ Kg7 49. Ne5 Bc1 50. Qg6+ Kf8 51. Qc2 Qg5 52. Qc8+ Kg7 53. Qd7+
1-0

[Event "2.BLN 1617 Rotation Pankow - HSK Lister"]
[Site "?"]
[Date "2017.05.07"]
[Round "9.8"]
[White "Lisek, Juergen"]
[Black "Virag, Attila Aba"]
[Result "0-1"]
[WhiteElo "2248"]
[BlackElo "2274"]
[PlyCount "50"]
[EventDate "2017.??.??"]

1. e4 d6 2. d4 Nf6 3. Nc3 Nbd7 4. Nf3 e5 5. g3 Be7 6. Bg2 O-O 7. O-O Re8 8. Re1
c6 9. a4 Qc7 10. Qd3 Bf8 11. b3 exd4 12. Nxd4 Ne5 13. Qd2 a6 14. Ba3 Rb8 15.
Bb2 b5 16. axb5 axb5 17. Nce2 c5 18. Nf5 d5 19. f3 dxe4 20. fxe4 Qb6 21. Qg5
Bxf5 22. Qxf5 c4+ 23. Bd4 Bc5 24. Qf2 Ned7 25. bxc4 Ng4 0-1

[Event "2.BLN 1617 SK Zehlendorf - SF Berlin"]
[Site "?"]
[Date "2017.05.07"]
[Round "9.1"]
[White "Polzin, Rainer"]
[Black "Meister, Jakob"]
[Result "1/2-1/2"]
[WhiteElo "2411"]
[BlackElo "2434"]
[PlyCount "36"]
[EventDate "2017.??.??"]

1. e4 e5 2. Nf3 Nc6 3. Bb5 a6 4. Ba4 d6 5. Bxc6+ bxc6 6. d4 f6 7. Be3 Ne7 8.
Nc3 Rb8 9. b3 Ng6 10. Qe2 Qd7 11. O-O-O Qf7 12. Rdg1 Be7 13. g4 O-O 14. h4 d5
15. h5 Nf4 16. Bxf4 exf4 17. Kb2 Re8 18. e5 c5 1/2-1/2

[Event "2.BLN 1617 SK Zehlendorf - SF Berlin"]
[Site "?"]
[Date "2017.05.07"]
[Round "9.2"]
[White "Malek, Daniel"]
[Black "Ahmadinia, Ebrahim"]
[Result "0-1"]
[WhiteElo "2398"]
[BlackElo "2394"]
[PlyCount "150"]
[EventDate "2017.??.??"]

1. c4 e5 2. Nc3 Bb4 3. Nd5 Bc5 4. Nf3 c6 5. Nc3 d6 6. e3 Nf6 7. d4 exd4 8. exd4
Bb6 9. Be2 O-O 10. O-O Re8 11. Bg5 h6 12. Bh4 Bg4 13. a3 Nbd7 14. h3 Bh5 15.
Qd2 Qe7 16. Rfe1 Qf8 17. g4 Bg6 18. Bd3 Bxd3 19. Qxd3 Rxe1+ 20. Rxe1 Re8 21.
Rxe8 Qxe8 22. Bg3 d5 23. c5 Bd8 24. Qe3 Qxe3 25. fxe3 h5 26. Nh2 hxg4 27. hxg4
g6 28. Bf4 Nf8 29. Kg2 Ne6 30. Kf3 Nh7 31. Nf1 Nhg5+ 32. Ke2 f6 33. Bb8 a6 34.
Ng3 Kf7 35. Kd3 Nf3 36. b4 Be7 37. Nf1 f5 38. gxf5 gxf5 39. Ne2 Ne1+ 40. Kd2
Nf3+ 41. Kc2 Bg5 42. Kc3 Kg6 43. a4 Kh5 44. b5 axb5 45. axb5 Kg4 46. b6 Ne1 47.
Nh2+ Kh3 48. Kd2 Bh4 49. Nc3 f4 50. Bxf4 Nxf4 51. exf4 Kxh2 52. Nxd5 Nf3+ 53.
Ke3 Kg2 54. Ke4 Nd2+ 55. Kd3 Nb3 56. Nb4 Na5 57. Ke4 Kg3 58. Nd3 Kg4 59. Ne5+
Kh5 60. Nd7 Kg6 61. f5+ Kf7 62. d5 Bf6 63. Nb8 Ke7 64. dxc6 bxc6 65. Na6 Kd7
66. Nb4 Nb3 67. Nd3 Bd4 68. Ne5+ Bxe5 69. Kxe5 Nxc5 70. f6 Nb7 71. Kf5 Nd6+ 72.
Kg6 c5 73. Kg5 Kc6 74. Kf4 Kxb6 75. Ke3 Kc6 0-1

[Event "2.BLN 1617 SK Zehlendorf - SF Berlin"]
[Site "?"]
[Date "2017.05.07"]
[Round "9.3"]
[White "Strzemiecki, Zbigniew"]
[Black "Lagunow, Raphael"]
[Result "1/2-1/2"]
[WhiteElo "2362"]
[BlackElo "2318"]
[PlyCount "159"]
[EventDate "2017.??.??"]

1. e4 c5 2. Nf3 a6 3. c4 e6 4. Nc3 Qc7 5. d4 cxd4 6. Nxd4 b6 7. Bd3 Bb7 8. O-O
Nf6 9. Qe2 d6 10. Bd2 Nbd7 11. f4 Be7 12. Rae1 O-O 13. f5 Nc5 14. Bb1 e5 15.
Nf3 b5 16. b4 Ncd7 17. Nd5 Nxd5 18. cxd5 Rfc8 19. g4 Nb6 20. g5 Nc4 21. Bc1 Qd8
22. Rf2 Bf8 23. g6 h6 24. Ng5 f6 25. Ne6 Qe8 26. Rg2 Nb6 27. Qf2 Nxd5 28. exd5
Bxd5 29. Rg3 Bxe6 30. fxe6 d5 31. Bf5 Bxb4 32. Rd1 Rc4 33. Be3 d4 34. Bd2 Bxd2
35. Qxd2 Qe7 36. Bd3 Qxe6 37. Bxc4 bxc4 38. Qb4 Rc8 39. Qb7 c3 40. Qb3 Qxb3 41.
axb3 Kf8 42. Kf2 Ke7 43. Ra1 Rc6 44. Rgg1 f5 45. Ra4 Kd6 46. Rga1 f4 47. Ke2
Kd5 48. Ra5+ Ke4 49. Re1 d3+ 50. Kf2+ Kd4 51. Ra4+ Kd5 52. Ra5+ Kd6 53. Rexe5
d2 54. Rad5+ Kc7 55. Re7+ Kb6 56. Rxd2 cxd2 57. Ke2 Rxg6 58. Kxd2 Kc5 59. Ke2
Kd6 60. Rf7 Ke5 61. Kf3 Rg1 62. Re7+ Kf5 63. Rf7+ Ke5 64. Re7+ Kf6 65. Rc7 g5
66. Rc6+ Kf5 67. Rxa6 Ke5 68. Rxh6 g4+ 69. Kf2 Rb1 70. Rc6 Rb2+ 71. Kg1 Ke4 72.
Rc3 Kd4 73. Rc8 Ke3 74. Rc1 f3 75. Re1+ Re2 76. Kf1 Kd2 77. Ra1 Kc3 78. Ra4
Rxh2 79. Rxg4 Kd3 80. Rg8 {(=)} 1/2-1/2

[Event "2.BLN 1617 SK Zehlendorf - SF Berlin"]
[Site "?"]
[Date "2017.05.07"]
[Round "9.4"]
[White "Heinig, Wolfram"]
[Black "Wendt, Jan-Dietrich"]
[Result "1/2-1/2"]
[WhiteElo "2310"]
[BlackElo "2280"]
[PlyCount "34"]
[EventDate "2017.??.??"]

1. d4 Nf6 2. c4 g6 3. Nc3 Bg7 4. e4 d6 5. Be2 O-O 6. Bg5 Na6 7. f4 c6 8. Nf3
Nc7 9. Qd2 d5 10. cxd5 cxd5 11. e5 Ne4 12. Qe3 Bf5 13. O-O Ne6 14. Bh4 Bh6 15.
Nd2 Nxd2 16. Qxd2 Rc8 17. Rad1 f6 {(=)} 1/2-1/2

[Event "2.BLN 1617 SK Zehlendorf - SF Berlin"]
[Site "?"]
[Date "2017.05.07"]
[Round "9.5"]
[White "Nogly, Christoph"]
[Black "Kalabic, Faris"]
[Result "1-0"]
[WhiteElo "2249"]
[BlackElo "2214"]
[PlyCount "43"]
[EventDate "2017.??.??"]

1. d4 Nf6 2. c4 e6 3. g3 d5 4. Bg2 c6 5. Nf3 Bb4+ 6. Bd2 a5 7. O-O dxc4 8. a4
Ra6 9. Qc2 b5 10. e4 O-O 11. Nc3 Rb6 12. e5 Nd5 13. Ng5 g6 14. Qe4 Nxc3 15.
bxc3 Be7 16. Qh4 h5 17. g4 Kg7 18. gxh5 b4 19. hxg6 Rh8 20. Qf4 Bxg5 21. Qxf7+
Kh6 22. f4 1-0

[Event "2.BLN 1617 SK Zehlendorf - SF Berlin"]
[Site "?"]
[Date "2017.05.07"]
[Round "9.7"]
[White "Lundin, Jan"]
[Black "Hasic, Mirza"]
[Result "1-0"]
[WhiteElo "2279"]
[BlackElo "2025"]
[PlyCount "81"]
[EventDate "2017.??.??"]

1. e4 d6 2. Nc3 e5 3. g3 Nf6 4. Bg2 Be7 5. Nge2 O-O 6. O-O c6 7. d4 Nbd7 8. a4
a5 9. h3 Re8 10. Re1 Bf8 11. b3 h6 12. Ba3 Qc7 13. Qd2 Nh7 14. f4 exd4 15. Nxd4
Nc5 16. Kh2 Nf6 17. Bb2 Bd7 18. Re3 Rad8 19. Rc1 Bc8 20. Nd1 d5 21. exd5 Rxe3
22. Nxe3 Nfe4 23. Qe2 cxd5 24. c4 dxc4 25. Nxc4 f5 26. Ne5 Qb6 27. g4 Qb4 28.
gxf5 Nf6 29. Rd1 Kh7 30. Kh1 Re8 31. Bf3 Qb6 32. Qc4 Nce4 33. Qc2 Nc5 34. Rg1
Ncd7 35. Ne6 Nc5 36. Nxf8+ Rxf8 37. Qg2 Ne8 38. Bh5 Bxf5 39. Bxe8 Be4 40. Bg6+
Bxg6 41. Nxg6 1-0

[Event "2.BLN 1617 SK Zehlendorf - SF Berlin"]
[Site "?"]
[Date "2017.05.07"]
[Round "9.8"]
[White "Merz, Ruediger"]
[Black "Noetzel, Felix"]
[Result "0-1"]
[WhiteElo "1891"]
[BlackElo "2189"]
[PlyCount "92"]
[EventDate "2017.??.??"]

1. e4 e5 2. Nf3 Nc6 3. Bb5 a6 4. Ba4 b5 5. Bb3 Bc5 6. O-O d6 7. c3 Nf6 8. d4
Bb6 9. Re1 O-O 10. h3 h6 11. d5 Ne7 12. Nbd2 Ng6 13. Nf1 Nh5 14. Be3 Nhf4 15.
Kh2 Bd7 16. Bxb6 cxb6 17. Bc2 Qc8 18. Ng1 Ra7 19. Ne3 Rc7 20. Rc1 Ne7 21. g4
Qd8 22. Qf3 Neg6 23. Qg3 Qf6 24. Nf3 Rfc8 25. a3 a5 26. Bb1 b4 27. axb4 axb4
28. c4 Ra8 29. h4 Qd8 30. h5 Nf8 31. Nh4 Nh7 32. Nef5 Bc8 33. Re3 Ra1 34. b3
Ra3 35. Nf3 b5 36. c5 Bxf5 37. gxf5 Nxh5 38. Qh4 Qxh4+ 39. Nxh4 Rxc5 40. Rxc5
dxc5 41. d6 N7f6 42. Rd3 Nd7 43. Bc2 c4 44. bxc4 bxc4 45. Rxa3 bxa3 46. Bb1 c3
0-1

[Event "2.BLN 1617 Turm Kiel - Hamburger SK"]
[Site "?"]
[Date "2017.05.07"]
[Round "9.1"]
[White "Bracker, Frank"]
[Black "Stopa, Jacek"]
[Result "1/2-1/2"]
[WhiteElo "2405"]
[BlackElo "2426"]
[PlyCount "50"]
[EventDate "2017.??.??"]

1. e4 d6 2. d4 Nf6 3. Nc3 e5 4. dxe5 dxe5 5. Qxd8+ Kxd8 6. Bc4 Be6 7. Bxe6 fxe6
8. f3 Nc6 9. Be3 Bd6 10. Nh3 Ke7 11. Nf2 Nd4 12. Rc1 c5 13. Nb1 c4 14. c3 Nc6
15. Nd2 b5 16. Ke2 Nd7 17. Rhd1 Bc5 18. Bg5+ Nf6 19. b3 cxb3 20. axb3 h6 21.
Bh4 Ba3 22. Rb1 g5 23. Bg3 Bd6 24. Nd3 Nh5 25. Bf2 Nf4+ {(=)} 1/2-1/2

[Event "2.BLN 1617 Turm Kiel - Hamburger SK"]
[Site "?"]
[Date "2017.05.07"]
[Round "9.2"]
[White "Hoi, Carsten"]
[Black "Colpe, Malte"]
[Result "0-1"]
[WhiteElo "2368"]
[BlackElo "2402"]
[PlyCount "158"]
[EventDate "2017.??.??"]

1. d4 Nf6 2. Nf3 g6 3. c4 Bg7 4. Nc3 O-O 5. e4 d6 6. h3 e5 7. d5 a5 8. Bg5 Na6
9. Be2 Qe8 10. g4 Nd7 11. Nd2 Nb6 12. a3 Bd7 13. Nb5 f6 14. Be3 Nxc4 15. Nxc4
Bxb5 16. Nxa5 Bxe2 17. Qxe2 Qa4 18. Nc4 Nc5 19. Bxc5 dxc5 20. d6 b5 21. Ne3
Qxe4 22. f3 Qc6 23. dxc7 c4 24. Rd1 Qxc7 25. Nd5 Qc5 26. Qf2 Qxf2+ 27. Kxf2 Rf7
28. Ke2 f5 29. gxf5 gxf5 30. Rhg1 e4 31. fxe4 fxe4 32. Nc3 Raf8 33. Rg2 Kh8 34.
Nxb5 Bxb2 35. Ke3 c3 36. a4 Rf3+ 37. Kxe4 R8f4+ 38. Kd5 Rxa4 39. Nd4 Rxh3 40.
Nc2 Rh5+ 41. Kc6 Ra6+ 42. Kb7 Rg6 43. Rf2 Rhg5 44. Ne3 Rb5+ 45. Kc7 Rc5+ 46.
Kb7 h5 47. Rh1 Kh7 48. Rhh2 Re5 49. Nf5 Rg5 50. Nd6 Bc1 51. Rc2 Bd2 52. Rh4 Re6
53. Kc6 Be1 54. Re4 Rge5 55. Rxe5 Rxe5 56. Nc4 Re8 57. Nd6 Re3 58. Nc4 Rd3 59.
Ne5 Rd1 60. Nf3 Bd2 61. Kd5 Bh6+ 62. Ke4 Bg7 63. Ra2 Rd7 64. Rg2 Bh6 65. Rh2
Re7+ 66. Kd5 Re3 67. Nd4 Kg6 68. Rg2+ Kf6 69. Kc4 Bf4 70. Rf2 Kg5 71. Rg2+ Rg3
72. Rxg3+ Bxg3 73. Ne2 Be5 74. Kd3 Kg4 75. Ke4 Bf6 76. Ke3 c2 77. Kd3 Kf3 78.
Ng1+ Kg2 79. Ne2 Kf2 0-1

[Event "2.BLN 1617 Turm Kiel - Hamburger SK"]
[Site "?"]
[Date "2017.05.07"]
[Round "9.3"]
[White "Souleidis, Georgios"]
[Black "Berg, Klaus"]
[Result "1/2-1/2"]
[WhiteElo "2408"]
[BlackElo "2336"]
[PlyCount "63"]
[EventDate "2017.??.??"]

1. e4 c6 2. d4 d5 3. e5 Bf5 4. h4 h5 5. Bd3 Bxd3 6. Qxd3 e6 7. Nd2 Qb6 8. Ngf3
Qa6 9. c4 Nh6 10. b3 Bb4 11. O-O Nd7 12. a3 Nf5 13. Rd1 Nb6 14. Rb1 Be7 15. g3
Rd8 16. Qc2 dxc4 17. Nxc4 O-O 18. Bg5 Bxg5 19. Nxg5 Nxc4 20. bxc4 Qxa3 21. Rxb7
g6 22. d5 cxd5 23. cxd5 Qa6 24. Qb3 Qe2 25. Rxa7 exd5 26. Ra5 Qxe5 27. Raxd5
Rxd5 28. Rxd5 Qa1+ 29. Kg2 Qa8 30. Kh2 Nh6 31. Qf3 Rd8 32. Rxd8+ 1/2-1/2

[Event "2.BLN 1617 Turm Kiel - Hamburger SK"]
[Site "?"]
[Date "2017.05.07"]
[Round "9.4"]
[White "Boe, Mads"]
[Black "Engel, Luis"]
[Result "1/2-1/2"]
[WhiteElo "2311"]
[BlackElo "2362"]
[PlyCount "128"]
[EventDate "2017.??.??"]

1. d4 Nf6 2. Nf3 g6 3. c3 Bg7 4. Bg5 O-O 5. e3 d6 6. Bd3 Nbd7 7. O-O b6 8. Nbd2
Bb7 9. Re1 c5 10. e4 cxd4 11. cxd4 Rc8 12. Qe2 h6 13. Bh4 Nh5 14. Qe3 Re8 15.
Rad1 Nhf6 16. h3 Qc7 17. Nb1 Qb8 18. Nc3 Qa8 19. Bb5 Rcd8 20. Bxf6 exf6 21. Qd3
a6 22. Bc4 b5 23. Bd5 Nb6 24. Bxb7 Qxb7 25. d5 Nc4 26. Re2 Rc8 27. b3 Ne5 28.
Nxe5 Rxe5 29. f4 Re7 30. Nb1 Rce8 31. Rde1 f5 32. Nd2 fxe4 33. Rxe4 Kf8 34. Nf3
Qc8 35. Rxe7 Rxe7 36. Rxe7 Kxe7 37. Kh2 Kf8 38. Kg3 Bf6 39. Kh2 Qc1 40. Kg3 h5
41. h4 Qc8 42. Kf2 Qg4 43. g3 Qc8 44. Kg2 Qc1 45. Qd2 Qb1 46. Qa5 Qc2+ 47. Qd2
Qe4 48. Kf2 Bd8 49. Kg2 Bb6 50. Qd1 a5 51. a4 bxa4 52. bxa4 Bc5 53. Kh3 Qc4 54.
Kg2 Qa2+ 55. Kh3 Qf2 56. Ng5 Bb4 57. Nf3 Kg8 58. Qd3 Be1 59. Nxe1 Qxe1 60. Kg2
Qb4 61. f5 Kg7 62. fxg6 fxg6 63. Qb5 Kf6 64. Qe2 Qc5 {(=)} 1/2-1/2

[Event "2.BLN 1617 Turm Kiel - Hamburger SK"]
[Site "?"]
[Date "2017.05.07"]
[Round "9.5"]
[White "Kramer, Julian"]
[Black "Junge, Ralph"]
[Result "0-1"]
[WhiteElo "2342"]
[BlackElo "2275"]
[PlyCount "40"]
[EventDate "2017.??.??"]

1. e4 e6 2. d4 d5 3. Nd2 Be7 4. Ngf3 Nf6 5. e5 Nfd7 6. Bd3 c5 7. c3 Nc6 8. O-O
g5 9. b4 cxd4 10. cxd4 Nxb4 11. Be2 Nb6 12. Ne1 Bd7 13. Nd3 Na4 14. Qb3 Nxd3
15. Qxd3 Qc7 16. Nb1 Rc8 17. Ba3 Qc2 18. Qe3 Qe4 19. Bh5 Bb5 20. Re1 Qxe3 0-1

[Event "2.BLN 1617 Turm Kiel - Hamburger SK"]
[Site "?"]
[Date "2017.05.07"]
[Round "9.6"]
[White "Budzyn, Matthias"]
[Black "Scheerer, Christoph"]
[Result "0-1"]
[WhiteElo "2148"]
[BlackElo "2361"]
[PlyCount "116"]
[EventDate "2017.??.??"]

1. e4 Nc6 2. Nf3 Nf6 3. e5 Ng4 4. d4 d6 5. h3 Nh6 6. Nc3 a6 7. Bf4 d5 8. g4 Ng8
9. Qd2 h5 10. g5 g6 11. Nh4 e6 12. Ne2 b6 13. Ng3 Bb7 14. c3 Na5 15. Bd3 Ne7
16. Qe2 Qd7 17. O-O Bc6 18. b4 Nc4 19. Ne4 dxe4 20. Bxc4 b5 21. Bb3 Nd5 22. Bd2
Be7 23. Ng2 e3 24. fxe3 Bxg5 25. e4 Bxd2 26. Qxd2 Nb6 27. Qf4 Rf8 28. d5 exd5
29. e6 Qe7 30. exd5 Bxd5 31. Bxd5 Nxd5 32. exf7+ Rxf7 33. Qd4 Rxf1+ 34. Rxf1
O-O-O 35. Qa7 Qe6 36. Rd1 Qc6 37. Rd3 Nxc3 38. Rxc3 Rd1+ 39. Kh2 Qxc3 40. Qxa6+
Kd8 41. Qxb5 Qd3 42. Qxd3+ Rxd3 43. Nf4 Rd2+ 44. Kg3 Rxa2 45. Nxg6 Rb2 46. Kh4
Rxb4+ 47. Kxh5 Re4 48. Kg5 c5 49. Kf5 Re3 50. Ne5 Rxh3 51. Ke4 Kc7 52. Nc4 Kc6
53. Ne3 Rxe3+ 54. Kxe3 Kb5 55. Kd2 Kb4 56. Kc2 Kc4 57. Kd2 Kb3 58. Kc1 Kc3 0-1